00989nas a2200253 a 450000500170000000800410001702200140005804000250007204100080009704400070010509000070011224500300011924600810014926000900023030000280032031000060034865000460035465000400040071000390044078500480047994200150052799900170054295201760055920171122143140.0910704c19701999dk uu p 0 0eng d a0013-8711 aCO-BoIAVHcCO-BoIAVH0 aeng adk aSE00aEntomologica scandinavica41aEntomologica scandinavicabAn International Journal of Systematic Entomology aCopenague (Noruega) :bMunksgaard ;aSvendborg (Dinamarca) :bApollo Books,c1970-99. bilustraciones ;c24 cm. aq26aEntomologíavPublicaciones periódicas26aInsectavPublicaciones periódicas2 aSocietas Entomologica Scandinavica00tInsect systematics and evolutionx0013-8711 2zcREVISTA c19973d19973 00102z40708HEMEROTECAA1990B21C2IINV2017aBogotabBogotad2017-11-22hVol 21, Nro 2 (1990)l0oSEp043051r2017-11-22 00:00:00tEj. 1w2017-11-22xDonacionyREVISTA